[Event "Girls U12 Polish Youth Championship"]
[Site "chess24.com"]
[Date "2018.05.04"]
[Round "8"]
[White "Scisla, Oliwia"]
[Black "Garbowska, Maja"]
[Result "1-0"]
[Board "9"]
[WhiteElo "1469"]
[WhiteCountry "POL"]
[WhiteFideId "21820465"]
[WhiteEloChange "4"]
[BlackElo "1207"]
[BlackCountry "POL"]
[BlackFideId "21816573"]
[BlackEloChange "-4"]

1. e4 {[%clk 1:30:55]} e5 {[%clk 1:30:56]} 2. Nf3 {[%clk 1:30:58]} Nc6 {[%clk
1:31:18]} 3. Bc4 {[%clk 1:31:01]} Bc5 {[%clk 1:30:55]} 4. c3 {[%clk 1:30:54]} Nf6
{[%clk 1:31:14]} 5. d4 {[%clk 1:30:52]} exd4 {[%clk 1:31:18]} 6. e5 {[%clk
1:30:19]} d5 {[%clk 1:31:25]} 7. Bb5 {[%clk 1:30:29]} Ne4 {[%clk 1:30:29]} 8.
cxd4 {[%clk 1:30:09]} Bb6 {[%clk 1:30:20]} 9. h3 {[%clk 1:29:33]} O-O {[%clk
1:28:53]} 10. Bxc6 {[%clk 1:28:37]} bxc6 {[%clk 1:29:08]} 11. O-O {[%clk
1:28:22]} f6 {[%clk 1:27:42]} 12. Be3 {[%clk 1:27:04]} fxe5 {[%clk 1:24:56]} 13.
Nxe5 {[%clk 1:26:36]} Qd6 {[%clk 1:22:57]} 14. Nc3 {[%clk 1:25:07]} Bf5 {[%clk
1:19:23]} 15. Rc1 {[%clk 1:21:50]} Ba5 {[%clk 1:17:46]} 16. Nxe4 {[%clk 1:21:12]}
Bxe4 {[%clk 1:17:08]} 17. Rxc6 {[%clk 1:20:22]} Qe7 {[%clk 1:16:17]} 18. Rc1
{[%clk 1:20:13]} Bb6 {[%clk 1:15:25]} 19. a3 {[%clk 1:16:12]} a5 {[%clk 1:13:50]}
20. Qg4 {[%clk 1:15:16]} Rac8 {[%clk 1:11:19]} 21. Bg5 {[%clk 1:12:15]} Qd6
{[%clk 1:10:29]} 22. Rc6 {[%clk 1:11:55]} Bxd4 {[%clk 1:05:36]} 23. Rxd6 {[%clk
1:11:53]} cxd6 {[%clk 1:06:01]} 24. Qe6+ {[%clk 1:11:10]} Kh8 {[%clk 1:05:45]}
25. Nf7+ {[%clk 1:11:26]} Kg8 {[%clk 1:05:41]} 26. Nh6+ {[%clk 1:11:45]} Kh8
{[%clk 1:06:01]} 27. Qg8+ {[%clk 1:12:07]} Rxg8 {[%clk 1:06:22]} 28. Nf7# {[%clk
1:12:31]} 1-0

[Event "Girls U12 Polish Youth Championship"]
[Site "chess24.com"]
[Date "2018.05.04"]
[Round "8"]
[White "Rejniak, Zuzanna"]
[Black "Bialek, Alicja"]
[Result "1/2-1/2"]
[Board "10"]
[WhiteElo "1458"]
[WhiteCountry "POL"]
[WhiteFideId "21848017"]
[WhiteEloChange "-4"]
[BlackElo "1315"]
[BlackCountry "POL"]
[BlackFideId "21836345"]
[BlackEloChange "4"]

1. e4 {[%clk 1:30:57]} d5 {[%clk 1:30:56]} 2. exd5 {[%clk 1:30:50]} Qxd5 {[%clk
1:31:21]} 3. Nf3 {[%clk 1:28:44]} Bg4 {[%clk 1:28:48]} 4. Be2 {[%clk 1:29:07]}
Nf6 {[%clk 1:25:44]} 5. h3 {[%clk 1:28:06]} Bh5 {[%clk 1:22:52]} 6. d4 {[%clk
1:24:48]} e6 {[%clk 1:14:05]} 7. O-O {[%clk 1:23:20]} Be7 {[%clk 1:07:50]} 8. c4
{[%clk 1:21:22]} Qd8 {[%clk 1:07:34]} 9. Nc3 {[%clk 1:21:18]} O-O {[%clk
1:04:33]} 10. Qb3 {[%clk 1:10:14]} b6 {[%clk 1:00:26]} 11. Be3 {[%clk 1:02:54]}
Nc6 {[%clk 0:59:18]} 12. d5 {[%clk 0:54:02]} Na5 {[%clk 0:52:14]} 13. Qa4 {[%clk
0:45:01]} exd5 {[%clk 0:36:52]} 14. Rfd1 {[%clk 0:41:21]} Bxf3 {[%clk 0:32:13]}
15. Bxf3 {[%clk 0:41:10]} Nxc4 {[%clk 0:32:06]} 16. Nxd5 {[%clk 0:41:12]} Nxb2
{[%clk 0:28:36]} 17. Qc2 {[%clk 0:33:09]} Nxd1 {[%clk 0:28:03]} 18. Rxd1 {[%clk
0:33:30]} Bd6 {[%clk 0:27:54]} 19. Bg5 {[%clk 0:29:03]} Rb8 {[%clk 0:23:25]} 20.
Bxf6 {[%clk 0:28:41]} gxf6 {[%clk 0:23:41]} 21. Qf5 {[%clk 0:29:06]} Re8 {[%clk
0:17:03]} 22. Nxf6+ {[%clk 0:29:09]} Kf8 {[%clk 0:16:59]} 23. Nxh7+ {[%clk
0:27:37]} Kg7 {[%clk 0:16:07]} 24. Ng5 {[%clk 0:27:38]} Qf6 {[%clk 0:15:55]} 25.
Qg4 {[%clk 0:27:05]} Qg6 {[%clk 0:13:15]} 26. h4 {[%clk 0:18:56]} Re7 {[%clk
0:06:46]} 27. h5 {[%clk 0:18:55]} Qh6 {[%clk 0:05:49]} 28. Bd5 {[%clk 0:13:28]}
Kf8 {[%clk 0:05:33]} 29. Qf5 {[%clk 0:13:44]} Rbe8 {[%clk 0:04:28]} 30. g3 {[%clk
0:13:59]} Re1+ {[%clk 0:03:18]} 31. Kg2 {[%clk 0:14:08]} f6 {[%clk 0:02:44]} 32.
Ne6+ {[%clk 0:14:06]} R8xe6 {[%clk 0:02:29]} 33. Rxe1 {[%clk 0:14:27]} Rxe1
{[%clk 0:02:22]} 34. Qg4 {[%clk 0:14:24]} Qg7 {[%clk 0:02:05]} 35. Qf5 {[%clk
0:14:48]} Re5 {[%clk 0:01:56]} 36. Qc8+ {[%clk 0:15:06]} Re8 {[%clk 0:02:25]} 37.
Qf5 {[%clk 0:15:28]} Qg5 {[%clk 0:02:08]} 38. Qf3 {[%clk 0:15:44]} Kg7 {[%clk
0:01:49]} 39. Bb3 {[%clk 0:15:57]} Qe5 {[%clk 0:01:07]} 40. Qg4+ {[%clk 0:16:15]}
Kh8 {[%clk 0:00:48]} 41. Kh3 {[%clk 0:16:29]} Qg5 {[%clk 0:00:46]} 42. Qf3 {[%clk
0:16:45]} Be5 {[%clk 0:00:33]} 43. Qe2 {[%clk 0:16:59]} Qf5+ {[%clk 0:00:43]} 44.
Kg2 {[%clk 0:17:11]} Re7 {[%clk 0:00:41]} 45. Qd2 {[%clk 0:17:14]} Bd6 {[%clk
0:00:42]} 46. Qh6+ {[%clk 0:16:38]} Rh7 {[%clk 0:00:59]} 47. Qe3 {[%clk 0:17:04]}
Qe5 {[%clk 0:00:56]} 48. Qf3 {[%clk 0:17:24]} Qe8 {[%clk 0:00:52]} 49. Qxf6+
{[%clk 0:17:46]} Rg7 {[%clk 0:01:01]} 50. Qh6+ {[%clk 0:18:14]} Rh7 {[%clk
0:01:12]} 51. Qf6+ {[%clk 0:18:40]} Rg7 {[%clk 0:01:16]} 52. Qh6+ {[%clk
0:19:08]} Rh7 {[%clk 0:01:33]} 53. Qf6+ {[%clk 0:19:35]} Rg7 {[%clk 0:01:58]}
1/2-1/2

[Event "Girls U12 Polish Youth Championship"]
[Site "chess24.com"]
[Date "2018.05.04"]
[Round "8"]
[White "Tim, Anna"]
[Black "Grzesik, Nikola"]
[Result "0-1"]
[Board "11"]
[WhiteElo "1189"]
[WhiteCountry "POL"]
[WhiteFideId "21861633"]
[WhiteEloChange "-7"]
[BlackElo "1313"]
[BlackCountry "POL"]
[BlackFideId "21816590"]
[BlackEloChange "7"]

1. e4 {[%clk 1:30:50]} c5 {[%clk 1:30:58]} 2. c4 {[%clk 1:31:08]} e6 {[%clk
1:29:33]} 3. Nc3 {[%clk 1:30:57]} a6 {[%clk 1:29:57]} 4. g3 {[%clk 1:30:39]} Qc7
{[%clk 1:29:36]} 5. Bg2 {[%clk 1:30:04]} Nc6 {[%clk 1:29:29]} 6. d3 {[%clk
1:28:30]} Be7 {[%clk 1:28:57]} 7. Nge2 {[%clk 1:27:34]} Nf6 {[%clk 1:28:48]} 8.
O-O {[%clk 1:27:03]} O-O {[%clk 1:28:40]} 9. h3 {[%clk 1:25:39]} b6 {[%clk
1:27:28]} 10. Be3 {[%clk 1:21:17]} Bb7 {[%clk 1:27:24]} 11. Kh2 {[%clk 1:19:49]}
d6 {[%clk 1:26:13]} 12. f4 {[%clk 1:17:49]} Nd7 {[%clk 1:23:16]} 13. Rf2 {[%clk
1:12:38]} Rac8 {[%clk 1:16:16]} 14. Qd2 {[%clk 1:11:12]} f5 {[%clk 1:12:13]} 15.
exf5 {[%clk 1:07:01]} Rxf5 {[%clk 1:11:49]} 16. g4 {[%clk 1:07:07]} Rff8 {[%clk
1:11:54]} 17. g5 {[%clk 1:05:51]} Nb4 {[%clk 1:05:39]} 18. a3 {[%clk 1:04:13]}
Bxg2 {[%clk 1:02:19]} 19. Rxg2 {[%clk 1:04:31]} Nc6 {[%clk 1:01:56]} 20. Rf1
{[%clk 1:02:51]} Rf5 {[%clk 0:57:56]} 21. Ng3 {[%clk 1:02:50]} Rff8 {[%clk
0:58:06]} 22. Kh1 {[%clk 0:58:23]} Kh8 {[%clk 0:50:31]} 23. f5 {[%clk 0:57:06]}
exf5 {[%clk 0:48:50]} 24. Nxf5 {[%clk 0:55:35]} g6 {[%clk 0:48:18]} 25. Ng3
{[%clk 0:55:39]} Rxf1+ {[%clk 0:48:16]} 26. Nxf1 {[%clk 0:55:58]} Rf8 {[%clk
0:47:45]} 27. Nh2 {[%clk 0:54:17]} Nde5 {[%clk 0:45:00]} 28. Qe2 {[%clk 0:53:24]}
Qd7 {[%clk 0:44:15]} 29. h4 {[%clk 0:52:12]} Qh3 {[%clk 0:42:12]} 30. Nd5 {[%clk
0:44:10]} Bd8 {[%clk 0:36:12]} 31. Rf2 {[%clk 0:43:25]} Rxf2 {[%clk 0:31:21]} 32.
Qxf2 {[%clk 0:43:27]} Kg7 {[%clk 0:30:19]} 33. Nf4 {[%clk 0:39:11]} Qd7 {[%clk
0:24:28]} 34. h5 {[%clk 0:32:52]} Ng4 {[%clk 0:22:06]} 35. Nxg4 {[%clk 0:32:22]}
Qxg4 {[%clk 0:22:11]} 36. h6+ {[%clk 0:31:53]} Kg8 {[%clk 0:21:54]} 37. Qg2
{[%clk 0:30:11]} Qxg2+ {[%clk 0:21:31]} 38. Nxg2 {[%clk 0:30:21]} Ne5 {[%clk
0:20:22]} 39. Ne1 {[%clk 0:30:13]} Kf7 {[%clk 0:20:34]} 40. Kg2 {[%clk 0:30:07]}
Ke6 {[%clk 0:20:02]} 41. Kg3 {[%clk 0:30:11]} Kf5 {[%clk 0:17:42]} 42. Kh4 {[%clk
0:26:49]} Ng4 {[%clk 0:16:44]} 43. Ng2 {[%clk 0:26:47]} Nxh6 {[%clk 0:15:39]} 44.
Kg3 {[%clk 0:24:21]} Bxg5 {[%clk 0:14:06]} 45. Bxg5 {[%clk 0:24:39]} Kxg5 {[%clk
0:14:29]} 46. Ne3 {[%clk 0:25:00]} Nf5+ {[%clk 0:14:43]} 47. Nxf5 {[%clk
0:25:06]} Kxf5 {[%clk 0:14:59]} 48. b4 {[%clk 0:25:22]} Ke5 {[%clk 0:12:48]} 49.
b5 {[%clk 0:25:32]} a5 {[%clk 0:13:05]} 50. Kg4 {[%clk 0:25:40]} Kd4 {[%clk
0:13:11]} 51. Kg5 {[%clk 0:25:53]} Kxd3 {[%clk 0:13:38]} 0-1

[Event "Girls U12 Polish Youth Championship"]
[Site "chess24.com"]
[Date "2018.05.04"]
[Round "8"]
[White "Wichura, Sara"]
[Black "Arciszewska, Zuzanna"]
[Result "1/2-1/2"]
[Board "12"]
[WhiteElo "1179"]
[WhiteCountry "POL"]
[WhiteFideId "21816670"]
[WhiteEloChange "3"]
[BlackElo "1302"]
[BlackCountry "POL"]
[BlackFideId "21816549"]
[BlackEloChange "-3"]

1. e4 {[%clk 1:30:56]} e5 {[%clk 1:30:45]} 2. Nf3 {[%clk 1:31:19]} Nc6 {[%clk
1:31:00]} 3. Bc4 {[%clk 1:27:51]} Bc5 {[%clk 1:29:45]} 4. O-O {[%clk 1:25:57]}
Nf6 {[%clk 1:28:20]} 5. d3 {[%clk 1:25:35]} d6 {[%clk 1:26:47]} 6. h3 {[%clk
1:25:27]} O-O {[%clk 1:23:11]} 7. Bg5 {[%clk 1:23:56]} h6 {[%clk 1:22:39]} 8. Bh4
{[%clk 1:24:14]} Na5 {[%clk 1:22:00]} 9. Bb3 {[%clk 1:23:52]} Nxb3 {[%clk
1:21:17]} 10. axb3 {[%clk 1:23:47]} Be6 {[%clk 1:19:51]} 11. c3 {[%clk 1:11:22]}
Qe7 {[%clk 1:13:25]} 12. Re1 {[%clk 0:56:37]} Qe8 {[%clk 0:54:08]} 13. Bxf6
{[%clk 0:56:11]} gxf6 {[%clk 0:54:30]} 14. Nh4 {[%clk 0:55:38]} Kg7 {[%clk
0:48:41]} 15. Nf5+ {[%clk 0:55:31]} Bxf5 {[%clk 0:48:52]} 16. exf5 {[%clk
0:55:56]} Rg8 {[%clk 0:49:04]} 17. Re4 {[%clk 0:55:44]} Kh7 {[%clk 0:47:02]} 18.
Rg4 {[%clk 0:53:17]} Rxg4 {[%clk 0:46:31]} 19. Qxg4 {[%clk 0:52:44]} Qg8 {[%clk
0:46:41]} 20. Qxg8+ {[%clk 0:53:00]} Rxg8 {[%clk 0:46:53]} 21. Kf1 {[%clk
0:52:07]} h5 {[%clk 0:45:19]} 22. Nd2 {[%clk 0:52:09]} Bb6 {[%clk 0:43:34]} 23.
Ne4 {[%clk 0:52:00]} Kg7 {[%clk 0:42:58]} 24. b4 {[%clk 0:51:29]} a6 {[%clk
0:41:42]} 25. Rc1 {[%clk 0:51:17]} d5 {[%clk 0:33:06]} 26. Nc5 {[%clk 0:51:13]}
Bxc5 {[%clk 0:33:30]} 27. bxc5 {[%clk 0:51:39]} Kh6 {[%clk 0:33:49]} 28. Rb1
{[%clk 0:51:25]} Kg5 {[%clk 0:33:02]} 29. b4 {[%clk 0:50:37]} c6 {[%clk 0:33:26]}
30. c4 {[%clk 0:50:44]} dxc4 {[%clk 0:33:27]} 31. dxc4 {[%clk 0:51:09]} Rc8
{[%clk 0:33:07]} 32. Rd1 {[%clk 0:50:03]} Rc7 {[%clk 0:33:06]} 33. Ke2 {[%clk
0:49:17]} Kxf5 {[%clk 0:33:26]} 34. Kf3 {[%clk 0:49:35]} e4+ {[%clk 0:32:40]} 35.
Ke3 {[%clk 0:49:46]} Ke5 {[%clk 0:32:31]} 36. Rd4 {[%clk 0:48:30]} f5 {[%clk
0:32:25]} 37. f4+ {[%clk 0:48:37]} exf3 {[%clk 0:32:02]} 38. gxf3 {[%clk
0:48:59]} Kf6 {[%clk 0:31:45]} 39. Kf4 {[%clk 0:49:09]} Kg6 {[%clk 0:31:35]} 40.
Rd6+ {[%clk 0:48:24]} f6 {[%clk 0:31:56]} 41. h4 {[%clk 0:48:49]} Re7 {[%clk
0:30:52]} 42. Rd8 {[%clk 0:48:50]} Rg7 {[%clk 0:21:10]} 43. Rd6 {[%clk 0:48:27]}
Re7 {[%clk 0:20:46]} 44. Rd8 {[%clk 0:48:46]} Rg7 {[%clk 0:18:10]} 45. Rd2 {[%clk
0:48:45]} Re7 {[%clk 0:17:11]} 1/2-1/2

[Event "Girls U12 Polish Youth Championship"]
[Site "chess24.com"]
[Date "2018.05.04"]
[Round "8"]
[White "Palejko, Maria"]
[Black "Szymajda, Karolina"]
[Result "1-0"]
[Board "13"]
[WhiteElo "1294"]
[WhiteCountry "POL"]
[WhiteFideId "21838208"]
[WhiteEloChange "8"]
[BlackElo "1215"]
[BlackCountry "POL"]
[BlackFideId "21836566"]
[BlackEloChange "-8"]

1. e4 {[%clk 1:30:56]} c5 {[%clk 1:30:56]} 2. Nf3 {[%clk 1:31:21]} e6 {[%clk
1:31:22]} 3. d4 {[%clk 1:31:47]} d5 {[%clk 1:31:47]} 4. e5 {[%clk 1:30:21]} Nc6
{[%clk 1:30:16]} 5. c3 {[%clk 1:29:01]} Qb6 {[%clk 1:28:46]} 6. b3 {[%clk
1:20:57]} cxd4 {[%clk 1:26:46]} 7. Nxd4 {[%clk 1:12:07]} Nxe5 {[%clk 1:24:49]} 8.
Be3 {[%clk 1:08:52]} a6 {[%clk 1:17:37]} 9. Nb5 {[%clk 0:56:43]} Bc5 {[%clk
1:16:52]} 10. Bxc5 {[%clk 0:54:11]} Qxc5 {[%clk 1:16:45]} 11. Qd4 {[%clk
0:52:34]} Qxd4 {[%clk 1:10:00]} 12. cxd4 {[%clk 0:50:49]} axb5 {[%clk 1:09:58]}
13. dxe5 {[%clk 0:51:08]} Bd7 {[%clk 1:08:40]} 14. Nc3 {[%clk 0:50:34]} b4 {[%clk
1:01:33]} 15. Nb5 {[%clk 0:49:20]} Bxb5 {[%clk 0:56:35]} 16. Bxb5+ {[%clk
0:49:35]} Kd8 {[%clk 0:55:52]} 17. Kd2 {[%clk 0:49:23]} Ra5 {[%clk 0:55:42]} 18.
Be2 {[%clk 0:49:10]} f6 {[%clk 0:54:35]} 19. Bg4 {[%clk 0:45:54]} Ke7 {[%clk
0:54:10]} 20. Rhc1 {[%clk 0:44:38]} Kd7 {[%clk 0:53:41]} 21. exf6 {[%clk
0:41:20]} Nxf6 {[%clk 0:54:01]} 22. Bf3 {[%clk 0:40:24]} Rc8 {[%clk 0:50:33]} 23.
Rxc8 {[%clk 0:39:47]} Kxc8 {[%clk 0:50:53]} 24. Rc1+ {[%clk 0:40:14]} Kd7 {[%clk
0:51:12]} 25. Rc2 {[%clk 0:40:34]} Kd6 {[%clk 0:50:38]} 26. Ke3 {[%clk 0:39:54]}
Rc5 {[%clk 0:50:25]} 27. Rxc5 {[%clk 0:37:50]} Kxc5 {[%clk 0:50:50]} 28. h3
{[%clk 0:36:22]} e5 {[%clk 0:43:28]} 29. g3 {[%clk 0:34:17]} e4 {[%clk 0:41:10]}
30. Bg2 {[%clk 0:32:37]} g5 {[%clk 0:40:39]} 31. f3 {[%clk 0:28:42]} d4+ {[%clk
0:40:22]} 32. Kd2 {[%clk 0:28:35]} Kd5 {[%clk 0:36:23]} 33. Ke2 {[%clk 0:25:42]}
Ke5 {[%clk 0:35:07]} 34. Kd2 {[%clk 0:24:33]} exf3 {[%clk 0:34:12]} 35. Bxf3
{[%clk 0:24:43]} Ne4+ {[%clk 0:34:28]} 36. Kd3 {[%clk 0:23:45]} Nc3 {[%clk
0:33:13]} 37. Bxb7 {[%clk 0:23:23]} Nxa2 {[%clk 0:32:48]} 38. Kc4 {[%clk
0:22:37]} h5 {[%clk 0:25:48]} 39. Bf3 {[%clk 0:16:58]} h4 {[%clk 0:13:23]} 40.
gxh4 {[%clk 0:12:36]} gxh4 {[%clk 0:13:47]} 41. Bb7 {[%clk 0:12:22]} Nc1 {[%clk
0:09:24]} 42. Kxb4 {[%clk 0:11:24]} d3 {[%clk 0:08:01]} 43. Kc3 {[%clk 0:10:11]}
d2 {[%clk 0:06:22]} 44. Bf3 {[%clk 0:02:39]} Nxb3 {[%clk 0:05:31]} 45. Kxb3
{[%clk 0:02:48]} Kf4 {[%clk 0:05:14]} 46. Bg4 {[%clk 0:02:25]} Kg3 {[%clk
0:04:30]} 47. Kc2 {[%clk 0:02:37]} Kf4 {[%clk 0:04:25]} 48. Kxd2 {[%clk 0:02:55]}
Kg3 {[%clk 0:02:51]} 49. Ke3 {[%clk 0:03:09]} Kh2 {[%clk 0:02:50]} 50. Kf4 {[%clk
0:02:55]} Kg2 {[%clk 0:02:48]} 51. Kg5 {[%clk 0:03:11]} Kg3 {[%clk 0:02:54]} 52.
Kh5 {[%clk 0:03:09]} Kf4 {[%clk 0:03:19]} 53. Kxh4 {[%clk 0:03:26]} Ke5 {[%clk
0:03:45]} 54. Kg5 {[%clk 0:03:46]} Kd6 {[%clk 0:04:00]} 55. Kf6 {[%clk 0:03:43]}
Kc7 {[%clk 0:04:15]} 56. h4 {[%clk 0:04:11]} Kd8 {[%clk 0:04:37]} 57. Kf7 {[%clk
0:04:28]} Kc7 {[%clk 0:04:56]} 58. h5 {[%clk 0:04:53]} Kd8 {[%clk 0:05:02]} 59.
h6 {[%clk 0:05:00]} Kc7 {[%clk 0:05:26]} 60. h7 {[%clk 0:05:22]} Kd8 {[%clk
0:05:46]} 61. h8Q+ {[%clk 0:05:37]} Kc7 {[%clk 0:05:50]} 62. Qc3+ {[%clk
0:05:48]} Kd6 {[%clk 0:06:13]} 63. Bd7 {[%clk 0:05:52]} Kd5 {[%clk 0:06:20]} 64.
Be6+ {[%clk 0:06:04]} Ke4 {[%clk 0:06:42]} 65. Kf6 {[%clk 0:05:40]} Kf4 {[%clk
0:06:53]} 66. Qc4+ {[%clk 0:05:44]} Kf3 {[%clk 0:07:00]} 67. Bd5+ {[%clk
0:06:04]} Kf2 {[%clk 0:07:17]} 68. Qd3 {[%clk 0:05:47]} Kg1 {[%clk 0:07:20]} 69.
Qf3 {[%clk 0:05:57]} Kh2 {[%clk 0:07:42]} 70. Qg2# {[%clk 0:06:21]} 1-0

[Event "Girls U12 Polish Youth Championship"]
[Site "chess24.com"]
[Date "2018.05.04"]
[Round "8"]
[White "Roszkiewicz, Zofia"]
[Black "Szewczuk, Aleksandra"]
[Result "1-0"]
[Board "14"]
[WhiteElo "1257"]
[WhiteCountry "POL"]
[WhiteFideId "21837384"]
[WhiteEloChange "8"]
[BlackElo "1178"]
[BlackCountry "POL"]
[BlackFideId "21861625"]
[BlackEloChange "-8"]

1. e4 {[%clk 1:30:58]} c6 {[%clk 1:30:52]} 2. d4 {[%clk 1:31:16]} d5 {[%clk
1:31:10]} 3. Nc3 {[%clk 1:31:40]} dxe4 {[%clk 1:31:12]} 4. Nxe4 {[%clk 1:32:03]}
Bf5 {[%clk 1:31:15]} 5. Ng3 {[%clk 1:32:21]} Bg6 {[%clk 1:31:23]} 6. h4 {[%clk
1:32:45]} h6 {[%clk 1:31:41]} 7. Nf3 {[%clk 1:33:10]} Nd7 {[%clk 1:31:52]} 8. h5
{[%clk 1:33:27]} Bh7 {[%clk 1:32:09]} 9. Bd3 {[%clk 1:33:52]} Bxd3 {[%clk
1:32:05]} 10. Qxd3 {[%clk 1:34:15]} e6 {[%clk 1:32:21]} 11. Bd2 {[%clk 1:34:40]}
Ngf6 {[%clk 1:32:16]} 12. O-O-O {[%clk 1:32:51]} Be7 {[%clk 1:29:11]} 13. Ne4
{[%clk 1:32:15]} Qc7 {[%clk 1:28:13]} 14. g3 {[%clk 1:32:07]} O-O {[%clk
1:27:20]} 15. Nxf6+ {[%clk 1:29:14]} Nxf6 {[%clk 1:27:12]} 16. Ne5 {[%clk
1:29:22]} Bd6 {[%clk 1:24:10]} 17. Qe2 {[%clk 1:28:21]} c5 {[%clk 1:21:59]} 18.
Nc4 {[%clk 1:18:05]} cxd4 {[%clk 1:19:55]} 19. Nxd6 {[%clk 1:18:11]} Qxd6 {[%clk
1:20:13]} 20. g4 {[%clk 1:15:22]} Rac8 {[%clk 1:19:42]} 21. Be3 {[%clk 1:14:15]}
Qc6 {[%clk 1:15:35]} 22. Bxd4 {[%clk 1:12:34]} Nh7 {[%clk 1:14:00]} 23. f4 {[%clk
1:10:12]} Rfd8 {[%clk 1:12:56]} 24. Bc3 {[%clk 1:10:01]} Qa4 {[%clk 1:11:23]} 25.
Qe5 {[%clk 1:08:32]} f6 {[%clk 1:10:08]} 26. Qxe6+ {[%clk 1:08:38]} Kh8 {[%clk
1:10:09]} 27. Rhf1 {[%clk 1:07:19]} Rxd1+ {[%clk 1:08:43]} 28. Kxd1 {[%clk
1:05:26]} Rd8+ {[%clk 1:07:54]} 29. Kc1 {[%clk 1:04:59]} Re8 {[%clk 1:06:28]} 30.
Qb3 {[%clk 1:03:50]} Qa6 {[%clk 1:06:23]} 31. Re1 {[%clk 0:56:35]} Rxe1+ {[%clk
1:06:09]} 32. Bxe1 {[%clk 0:56:56]} Qf1 {[%clk 1:06:13]} 33. Qb4 {[%clk 0:57:05]}
b6 {[%clk 1:04:14]} 34. Qd2 {[%clk 0:56:40]} Nf8 {[%clk 1:03:38]} 35. Qf2 {[%clk
0:56:02]} Qh1 {[%clk 1:03:19]} 36. Qe2 {[%clk 0:54:15]} Qg1 {[%clk 1:02:48]} 37.
a3 {[%clk 0:53:25]} b5 {[%clk 1:01:47]} 38. Qe8 {[%clk 0:52:10]} Kh7 {[%clk
1:01:48]} 39. Qe4+ {[%clk 0:51:09]} Kh8 {[%clk 1:01:35]} 40. Qe2 {[%clk 0:50:40]}
a5 {[%clk 1:00:41]} 41. Kb1 {[%clk 0:50:30]} b4 {[%clk 1:00:30]} 42. Ka2 {[%clk
0:50:02]} bxa3 {[%clk 0:59:50]} 43. bxa3 {[%clk 0:46:07]} Qc5 {[%clk 0:59:37]}
44. Qd3 {[%clk 0:45:29]} Ne6 {[%clk 0:58:53]} 45. f5 {[%clk 0:43:14]} Nd4 {[%clk
0:58:30]} 46. Bf2 {[%clk 0:41:34]} Qd5+ {[%clk 0:57:31]} 47. c4 {[%clk 0:40:53]}
Qe5 {[%clk 0:57:42]} 48. Bxd4 {[%clk 0:40:08]} Qd6 {[%clk 0:57:09]} 49. Qe4
{[%clk 0:38:58]} Kh7 {[%clk 0:57:00]} 50. c5 {[%clk 0:37:40]} Qc7 {[%clk
0:56:52]} 51. Qd5 {[%clk 0:37:34]} a4 {[%clk 0:56:53]} 52. c6 {[%clk 0:35:56]}
Kh8 {[%clk 0:56:45]} 53. Qb5 {[%clk 0:34:26]} Qh2+ {[%clk 0:55:30]} 54. Qb2
{[%clk 0:33:27]} Qd6 {[%clk 0:55:24]} 55. Qc3 {[%clk 0:29:52]} Qh2+ {[%clk
0:53:48]} 56. Kb1 {[%clk 0:29:28]} Qh1+ {[%clk 0:53:41]} 57. Kb2 {[%clk 0:29:49]}
Qh2+ {[%clk 0:53:59]} 58. Qc2 {[%clk 0:29:47]} Qb8+ {[%clk 0:54:20]} 59. Ka1
{[%clk 0:28:08]} Qc7 {[%clk 0:50:48]} 60. Qxa4 {[%clk 0:28:18]} Qd6 {[%clk
0:50:46]} 61. Ka2 {[%clk 0:27:39]} Qd5+ {[%clk 0:50:45]} 62. Kb2 {[%clk 0:24:09]}
Qd6 {[%clk 0:50:28]} 63. Qc4 {[%clk 0:23:14]} Qh2+ {[%clk 0:49:56]} 64. Ka1
{[%clk 0:23:25]} Qh1+ {[%clk 0:49:18]} 65. Ka2 {[%clk 0:23:28]} Qh2+ {[%clk
0:49:17]} 66. Bb2 {[%clk 0:23:15]} Qc7 {[%clk 0:49:25]} 67. Qe6 {[%clk 0:23:21]}
Kh7 {[%clk 0:48:25]} 68. Qd7 {[%clk 0:22:17]} Qxd7 {[%clk 0:46:51]} 69. cxd7
{[%clk 0:22:24]} g6 {[%clk 0:46:12]} 70. d8Q {[%clk 0:22:11]} gxh5 {[%clk
0:46:19]} 71. Qxf6 {[%clk 0:22:27]} hxg4 {[%clk 0:46:35]} 72. Qg7# {[%clk
0:22:51]} 1-0

[Event "Girls U12 Polish Youth Championship"]
[Site "chess24.com"]
[Date "2018.05.04"]
[Round "8"]
[White "Kuczynska, Katarzyna"]
[Black "Wiecek, Karolina"]
[Result "1/2-1/2"]
[Board "15"]
[WhiteElo "1131"]
[WhiteCountry "POL"]
[WhiteFideId "21806390"]
[WhiteEloChange "3"]
[BlackElo "1221"]
[BlackCountry "POL"]
[BlackFideId "1198440"]
[BlackEloChange "-3"]

1. e4 {[%clk 1:30:59]} d5 {[%clk 1:30:35]} 2. exd5 {[%clk 1:31:17]} Nf6 {[%clk
1:30:55]} 3. d4 {[%clk 1:30:13]} Nxd5 {[%clk 1:31:19]} 4. Nf3 {[%clk 1:27:10]} g6
{[%clk 1:31:26]} 5. c4 {[%clk 1:25:18]} Nb6 {[%clk 1:31:44]} 6. h3 {[%clk
1:25:17]} Bg7 {[%clk 1:31:38]} 7. Nc3 {[%clk 1:21:59]} Nc6 {[%clk 1:29:18]} 8.
Be3 {[%clk 1:22:02]} O-O {[%clk 1:27:12]} 9. Be2 {[%clk 1:19:19]} Re8 {[%clk
1:12:44]} 10. O-O {[%clk 1:17:16]} a6 {[%clk 1:07:53]} 11. Rc1 {[%clk 1:14:17]}
e6 {[%clk 0:58:16]} 12. Qd2 {[%clk 1:10:51]} Kh8 {[%clk 0:48:15]} 13. Rfd1 {[%clk
1:09:07]} Ne7 {[%clk 0:47:56]} 14. Bh6 {[%clk 1:08:17]} Nf5 {[%clk 0:47:13]} 15.
Bxg7+ {[%clk 1:05:41]} Kxg7 {[%clk 0:47:01]} 16. Ne4 {[%clk 1:01:57]} Nh4 {[%clk
0:40:36]} 17. Qf4 {[%clk 0:54:45]} Nxf3+ {[%clk 0:39:33]} 18. Bxf3 {[%clk
0:53:52]} Rf8 {[%clk 0:38:49]} 19. h4 {[%clk 0:46:39]} Bd7 {[%clk 0:35:45]} 20.
h5 {[%clk 0:44:35]} h6 {[%clk 0:34:53]} 21. hxg6 {[%clk 0:42:32]} fxg6 {[%clk
0:34:50]} 22. Qe5+ {[%clk 0:42:05]} Kh7 {[%clk 0:34:50]} 23. Nc5 {[%clk 0:40:38]}
Rf5 {[%clk 0:30:21]} 24. Qe3 {[%clk 0:39:35]} c6 {[%clk 0:26:26]} 25. Nxe6 {[%clk
0:36:48]} Bxe6 {[%clk 0:24:11]} 26. Qxe6 {[%clk 0:37:14]} Qf8 {[%clk 0:24:17]}
27. c5 {[%clk 0:33:13]} Nd5 {[%clk 0:23:04]} 28. Bxd5 {[%clk 0:31:46]} Rxd5
{[%clk 0:23:23]} 29. Qe4 {[%clk 0:30:08]} Re8 {[%clk 0:23:25]} 30. Qd3 {[%clk
0:26:44]} Re6 {[%clk 0:23:02]} 31. Re1 {[%clk 0:24:34]} Qe8 {[%clk 0:23:06]} 32.
Kf1 {[%clk 0:23:40]} Qd7 {[%clk 0:23:10]} 33. Rxe6 {[%clk 0:23:20]} Qxe6 {[%clk
0:23:33]} 34. Re1 {[%clk 0:23:31]} Qd7 {[%clk 0:23:29]} 35. Rd1 {[%clk 0:22:45]}
Rf5 {[%clk 0:21:47]} 36. Qb3 {[%clk 0:21:52]} Rd5 {[%clk 0:21:11]} 37. Qc4 {[%clk
0:21:13]} Qg4 {[%clk 0:20:18]} 38. Qd3 {[%clk 0:18:21]} 1/2-1/2